| 000 | 00659na a2200229 4500 | ||
|---|---|---|---|
| 001 | 14822 | ||
| 003 | MIRAKIL | ||
| 005 | 20181213154935.0 | ||
| 008 | 160919b tu 000 0 | ||
| 020 | _a29514444850 | ||
| 035 | _a14822 | ||
| 040 |
_aMilas _btur _cTR-AnCHP |
||
| 082 |
_aATA 923.156 _bT86a 2000 |
||
| 090 | _aATA 923.156 T86a 2000 | ||
| 100 | _aTurgut, Erhan | ||
| 245 |
_aAtatürk Türkiye = Turquie = Turkey = Türkei 2000 _cErhan Turgut |
||
| 260 |
_a[y. y.] _b[yayl. y.] _c2000 |
||
| 300 |
_a160 s. _bfotg. _c31 sm. |
||
| 600 |
_aAtatürk, Mustafa Kemal _d1881-1938 _xAlbümler |
||
| 650 |
_aDevlet başkanı _zTürkiye |
||
| 942 |
_2ddc _cBKS |
||
| 999 |
_c3554 _d3554 |
||